The Day Of The Dinosaurs

Bibliographic Details
Main Author: Stidworthy, John
Format: Book

MARC

LEADER 00000cam a2200000 7i4500
001 0000010708
002 000011663
005 20040128.0
020 |a 0861634845 
090 0 0 |a 500   |b STI 
100 1 |a Stidworthy, John 
245 1 4 |a The Day Of The Dinosaurs   |c John Stidworthy 
999 |a 045414   |b BUKU   |c PINJAMAN   |e PERPUSTAKAAN KOMUNITI CAW KOTA DAMANSARA